000 00752nam a22001817a 4500
008 230328b |||||||| |||| 00| 0 eng d
020 _a0-672-22664-2
040 _aNational Science Library
_cNational Science Library
080 _aD 681.324:006
_bM7
100 _aStallings, William
_94703
245 _aHandbook of computer communications standards
260 _aIndianapolis:
_bHoward W Sams & Company,
_c1987
300 _a322p.
500 _3Vol .1 (The open systems interconnection model and osi related standards): ISBN 0-672-22664-2, 322p. Vol .2 (Local network standards): ISBN 0-672-22665-0, 244p. Vol .3 (Department of defense protocol standard): ISBN 0-672-22666-9, 206p.
650 _aLAN
653 _aComputer
942 _2udc
_cBK
999 _c15963
_d15963